متون سومر : (رقم التسجيلة. 85143)

تفاصيل مارك
000 -الفاتح
عناصر البيانات ثابتة الطول 00656cam a2200181 i 4500
005 - تاريخ ووقت آخر معاملة
حقل ضبط 20251113093250.0
008 - عناصر البيانات ثابتة الطول
عناصر البيانات ثابتة الطول 250721s1998 jo gr 000 0 ara d
082 14 - رقم تصنيف ديوي العشري
رقم التصنيف 935.09995
رقم المادة م ا ج
100 1# - مدخل رئيسي – اسم شخصي
الاسم الشخصي الماجدي، خزعل
علاقة الشخص بالعمل/ دوره مؤلف.
245 10 - بيان العنوان
العنوان متون سومر :
بقية العنوان التاريخ الميثولوجيا اللاهوت الطقوس /
بيان المسؤولية خزعل الماجدي.
250 ## - بيان الطبعة
بيان الطبعة الطبعة الأولى.
264 31 - بيانات النشر، التوزيع…إلخ
مكان النشر، التوزيع...إلخ عمان :
اسم الناشر، الموزع...إلخ الأهلية للنشر،
تاريخ النشر، التوزيع...إلخ 1998.
300 ## - الوصف المادي
عدد الوحدات المكونة للوعاء الكتاب الأول.
650 17 - مدخل إضافي بالموضوع - مصطلح موضوعي
مصطلح موضوعي أو اسم جغرافي كعنصر مدخل الديانات القديمة.
650 17 - مدخل إضافي بالموضوع - مصطلح موضوعي
مصطلح موضوعي أو اسم جغرافي كعنصر مدخل علم الأساطير.
942 ## - بيانات إضافية (كوها)
نوع التنصيف Dewey Decimal Classification
نوع المادة (كوها) كتب
المقتنيات
حالة السحب حالة الفقدان مصدر التصنيف حالة التلف غير قابل للإعارة المكتبة الرئيسية المكتبة الحالية موقع الرف تاريخ التزويد الرقم المتسلسل Total Checkouts رقم الإستدعاء الباركود تاريخ آخر ظهور تاريخ الفاتورة نوع المادة (كوها)
    Dewey Decimal Classification     المكتبة المركزية المكتبة المركزية الإعارة 14/11/2016 1629814   935.09995 / م ا ج PLD00398822 28/07/2025 14/11/2016 كتب
    Dewey Decimal Classification     مكتبة الأميرة ايمان العامة مكتبة الأميرة ايمان العامة الإعارة 19/09/2013 306679   935.09995/ماج PLD00278630 28/07/2025 19/09/2013 كتب
Implemented & Customized by: BBB with SCIT (Smart Chains for Information Technology)

Powered by Koha